| 000 | 01113nam a2200289 i 4500 | ||
|---|---|---|---|
| 001 | bg | ||
| 100 | 1 | _aKAYSER, Rolf | |
| 245 | 0 | 0 |
_aWymiarowanie jednostopniowych oczyszczalni ścieków z osadem czynnym oraz sekwencyjnych reaktorów porcjowych SBR : _bkomentarz ATV-DVWK do A131P i do A210P / _cRolf Kayser ; [tł. Agnieszka Nieścier]. |
| 246 |
_iTyt. oryg.: _aBemessung von Belebuns- und SBR-Anlagen: Kommentar zum ATV-M 210 |
||
| 260 |
_aWarszawa : _bGFA : _bWydaw. Seidel Przywecki, _c2002. |
||
| 300 |
_a172 s. : _brys., wykr. ; _c24 cm. |
||
| 490 | 1 | _aNiemiecki zbiór reguł ATV-DVWK | |
| 500 | _aTyt. oryg.: "Bemessung von Belebuns- und SBR-Anlagen: Kommentar zum ATV-M 210". | ||
| 504 | _aBibliogr. | ||
| 650 | 9 |
_aOczyszczalnia ścieków _xbudowa i konstrukcje _zNiemcy |
|
| 650 | 9 | _aOsad czynny | |
| 650 | 9 | _aReaktory porcjowe | |
| 655 | _aInstrukcje | ||
| 830 | _aNiemiecki zbiór reguł ATV-DVWK | ||
| 020 | _a3935669585 | ||
| 040 | _cBPK | ||
| 041 | 1 |
_apl _hde |
|
| 080 | _a628.3(430)(083.133) | ||
| 920 | _a3-935669-58-5 | ||
| 942 | _cKA | ||
| 008 | s pl f |000 0 pol | ||
| 999 |
_c35052 _d35052 |
||
| 856 |
_uhttp://koha.tu.koszalin.pl/cgi-bin/koha/opac-detail.pl?biblionumber=35052 _yKatalog online BPK |
||